[Event "79.Prov.ITA Ottavi VE"]
[Site "Mestre Capablanca ITA"]
[Date "2019.01.26"]
[Round "2.2"]
[White "Ballarin, Gabriele"]
[Black "Buranelli, Matteo"]
[Result "0-1"]
[WhiteElo "1870"]
[BlackElo "1746"]
[Annotator "Gabriele Ballarin"]
[PlyCount "94"]
[EventDate "2019.01.25"]
[EventType "swiss"]
[EventRounds "5"]
[EventCountry "ITA"]

{[%evp 9,93,-10,-10,-32,-9,-19,-10,-9,24,8,8,4,15,19,22,-26,33,-31,2,2,20,9,37,0,18,18,5,16,24,0,-4,-4,-1,-1,28,28,28,28,28,-1,50,13,82,84,78,57,60,40,54,26,58,23,61,36,36,36,36,42,42,38,38,38,38,38,38,38,38,38,46,11,84,99,99,0,0,0,0,-583,-583,-29996,-29997,-29997,-29998,-29998,-29999,-29999]} 1. e4 d6 2. d4 Nf6 3. f3 Nbd7 4. Be3 e5 5. c3 Be7 6. Bc4 c6 7. Bb3 O-O 8. Ne2 {La posizione è in parità.} Nh5 9. Nd2 Bg5 10. Bf2 Nf4 11. Nxf4 Bxf4 12. Nf1 {[%eval -26,20]} (12. g3 {[%eval 22,22] potrebbe essere più forte.} Bg5 13. O-O) 12... Bh6 {[%eval 33,20]} (12... exd4 $11 {[%eval -26,20]} 13. Qxd4 Ne5) 13. g4 {[%eval -31,19]} (13. Ne3 $14 {[%eval 33,20]}) 13... g6 14. h4 Bf4 15. h5 Kg7 16. Ng3 {[%cal Bf1g3,Bg3e2,Be2g1,Bg1h3,Bh3f2][%mdl 32]} Qf6 17. Ne2 Bg5 18. Ng1 c5 19. d5 b5 20. Qe2 c4 21. Bc2 Bb7 22. Nh3 Bh4 23. O-O-O Bxf2 24. Qxf2 Nc5 {[%eval 50,15]} (24... g5 $11 {[%eval -1,18]}) 25. Qe3 Rh8 {[%eval 82,25]} (25... a5 $11 {[%eval 13,18]}) 26. g5 Qe7 27. Nf2 Bc8 28. Rdg1 Bd7 29. Rg2 Raf8 30. Rgh2 (30. Ng4 {feels hotter.} Bxg4 31. Rxg4 Kg8 32. Kb1 a5 33. Qe2) 30... f5 31. gxf6+ (31. exf5 {is interesting.} Bxf5 32. Ne4 Bxe4 33. Bxe4 Qf7 34. Rh4) 31... Qxf6 32. hxg6 hxg6 33. Rxh8 Rxh8 34. Rxh8 Kxh8 35. b4 $36 {[%mdl 2048] Il Bianco subisce una certa pressione.} cxb3 36. axb3 {Minaccia di vincere con b4.} a5 37. b4 axb4 38. cxb4 Na4 39. Nd3 Qh4 {[%eval 84,19]} (39... Kg8 $11 {[%eval 11,21] mantiene il passo.}) 40. Bxa4 $1 $16 bxa4 {[#]} 41. Kb2 {[%eval 0,26]} (41. Qb6 $1 $16 {[%eval 99,16]}) 41... Bb5 42. Ka3 Qh1 {[%cal Rh1a1]} 43. Kb2 $2 {[%eval -583,16][%mdl 8192] [#]} (43. Qc1 $11 {[%eval 0,24] e Il Bianco è in sicurezza.} Qh3 44. Qc3) 43... a3+ $1 $19 {[%mdl 512]} 44. Kxa3 Qa1+ {Il Nero dà matto.} 45. Kb3 Ba4+ 46. Kc4 Qa2+ 47. Kc3 Qc2# {Precisione: Bianco = 42%, Nero = 24%.} 0-1

[Event "79.Prov.ITA Ottavi VE"]
[Site "Mestre Capablanca ITA"]
[Date "2019.01.26"]
[Round "2.3"]
[White "Belloni, Umberto"]
[Black "Bozzao, Francesco"]
[Result "1/2-1/2"]
[WhiteElo "1674"]
[BlackElo "1847"]
[Annotator "Gabriele Ballarin"]
[PlyCount "30"]
[EventDate "2019.01.25"]
[EventType "swiss"]
[EventRounds "5"]
[EventCountry "ITA"]

1. d4 Nf6 2. c3 b6 3. Bg5 Ne4 4. Bf4 Nf6 5. e3 Bb7 6. Nd2 g6 7. f3 d5 8. Bd3 c5 9. Ne2 Bg7 10. Ng3 Nfd7 11. Bxb8 Qxb8 12. f4 O-O 13. Qf3 Qc7 14. O-O f5 15. Rad1 e6 {=} 1/2-1/2

[Event "79.Prov.ITA Ottavi VE"]
[Site "Mestre Capablanca ITA"]
[Date "2019.01.26"]
[Round "2.5"]
[White "Grandesso, Emanuele"]
[Black "Sgaravato, Sandro"]
[Result "1-0"]
[WhiteElo "2074"]
[BlackElo "1480"]
[Annotator "Gabriele Ballarin"]
[PlyCount "55"]
[EventDate "2019.01.25"]
[EventType "swiss"]
[EventRounds "5"]
[EventCountry "ITA"]

1. d4 d5 2. g3 Nf6 3. Bg2 e6 4. Nf3 Be7 5. O-O Nbd7 6. b3 O-O 7. Bb2 b6 8. c4 Bb7 9. Nc3 dxc4 10. bxc4 Rb8 11. Qb3 a6 12. Rfd1 Qc8 13. Rac1 c6 14. e4 b5 15. e5 bxc4 16. Qxc4 Nd5 17. Ne4 N7b6 18. Qe2 Qd8 19. Nfd2 f5 20. exf6 gxf6 21. Nc5 Bxc5 22. Qxe6+ Kg7 23. dxc5 Bc8 24. Qxc6 Nb4 25. Qe4 Na4 26. Ba1 Qc7 27. Nb3 Rd8 28. Bxf6+ 1-0

[Event "79.Prov.ITA Ottavi VE"]
[Site "Mestre Capablanca ITA"]
[Date "2019.01.26"]
[Round "2.6"]
[White "Vianello, Viviana Sofia"]
[Black "Moretto, Gian Franco"]
[Result "1-0"]
[WhiteElo "1391"]
[BlackElo "1309"]
[Annotator "Gabriele Ballarin"]
[PlyCount "81"]
[EventDate "2019.01.25"]
[EventType "swiss"]
[EventRounds "5"]
[EventCountry "ITA"]

1. e4 e5 2. Nf3 Nc6 3. Bb5 Nf6 4. O-O Be7 5. Re1 a6 6. Bxc6 bxc6 7. Nxe5 Bb7 8. Nc3 d5 9. exd5 cxd5 10. d4 O-O 11. Bg5 Re8 12. Ng4 Qd6 13. Nxf6+ Bxf6 14. Bxf6 Qxf6 15. Qd2 Re6 16. Na4 Bc6 17. Nc5 Rxe1+ 18. Rxe1 a5 19. c3 a4 20. Re3 Re8 21. Rxe8+ Bxe8 22. Qe3 Kf8 23. h3 Qf5 24. Qd3 Qxd3 25. Nxd3 Bb5 26. Nc5 Ke7 27. f4 f5 28. Kf2 h5 29. h4 g6 30. g3 Kd6 31. Ke3 Ke7 32. Kd2 Kd6 33. Nd3 Ke6 34. Kc2 Bxd3+ 35. Kxd3 Kd6 36. b3 axb3 37. axb3 c5 38. c4 Kc6 39. dxc5 Kxc5 40. cxd5 Kxd5 41. b4 1-0

[Event "79.Prov.ITA Ottavi VE"]
[Site "Mestre Capablanca ITA"]
[Date "2019.01.26"]
[Round "2.7"]
[White "Corti, Lorenzo"]
[Black "Pomponio, Stefano"]
[Result "1-0"]
[WhiteElo "1250"]
[BlackElo "1357"]
[Annotator "Gabriele Ballarin"]
[PlyCount "95"]
[EventDate "2019.01.25"]
[EventType "swiss"]
[EventRounds "5"]
[EventCountry "ITA"]

1. e4 d5 2. exd5 Qxd5 3. Nf3 Bg4 4. Be2 Nc6 5. Nc3 Qd7 6. h3 Bh5 7. O-O e6 8. d3 O-O-O 9. Bf4 a6 10. Ne5 Nxe5 11. Bxh5 Bd6 12. Ne4 f6 13. Nxd6+ cxd6 14. c4 Nc6 15. Rb1 e5 16. Be3 f5 17. b4 Nd4 18. Bxd4 exd4 19. Bf3 Ne7 20. a4 d5 21. c5 Nc6 22. b5 axb5 23. axb5 Ne5 24. Re1 Rhe8 25. Be2 Re6 26. Qa4 Qc7 27. Rec1 Rde8 28. Qxd4 Qd7 29. Qb4 Qe7 30. d4 Nd7 31. Bf3 Nf6 32. Qb3 Rd8 33. c6 b6 34. Qa4 Qc7 35. Qa8+ Qb8 36. Qxb8+ Kxb8 37. c7+ Kc8 38. cxd8=Q+ Kxd8 39. Rc6 Rxc6 40. bxc6 Kc7 41. Re1 Kxc6 42. Re7 b5 43. Rxg7 Kb6 44. Rf7 Ne4 45. Rxf5 Nc3 46. Bxd5 Nxd5 47. Rxd5 b4 48. Re5 1-0

[Event "79.Prov.ITA Ottavi VE"]
[Site "Mestre Capablanca ITA"]
[Date "2019.01.26"]
[Round "2.8"]
[White "Marson, Roy"]
[Black "Conte, Edoardo"]
[Result "0-1"]
[WhiteElo "1325"]
[BlackElo "1247"]
[Annotator "Gabriele Ballarin"]
[PlyCount "120"]
[EventDate "2019.01.25"]
[EventType "swiss"]
[EventRounds "5"]
[EventCountry "ITA"]

1. e4 e5 2. Nf3 Nc6 3. Bc4 Bc5 4. d3 h6 5. O-O Nf6 6. Nc3 O-O 7. Be3 Bb6 8. d4 d6 9. h3 Re8 10. d5 Na5 11. Bd3 Bxe3 12. fxe3 b6 13. Qe2 Nb7 14. b4 Bd7 15. Ba6 Rb8 16. Qf2 c5 17. Bxb7 Rxb7 18. b5 Qe7 19. Nh4 Nh5 20. Nf5 Bxf5 21. exf5 Qg5 22. g4 Nf6 23. Kh2 Kf8 24. Qg3 Ke7 25. Rg1 h5 26. Raf1 hxg4 27. hxg4 Rh8+ 28. Kg2 Nxg4 29. Rf3 Rh2+ 30. Kf1 Rxc2 31. Ne4 Rc1+ 32. Kg2 Rxg1+ 33. Kxg1 Qh5 34. Qg2 Nf6 35. Nxf6 gxf6 36. Kf2 Qh8 37. Rh3 Qd8 38. e4 c4 39. Rc3 Rc7 40. Qf1 Qc8 41. Ke3 a6 42. a4 axb5 43. axb5 Rc5 44. Qb1 Qg8 45. Kf3 Qg5 46. Qc2 Rxb5 47. Rxc4 Rc5 48. Qa4 Qf4+ 49. Ke2 Qg4+ 50. Kd3 Qf3+ 51. Kc2 Qe2+ 52. Kc3 Qe3+ 53. Kb2 Qe2+ 54. Kb3 Qd1+ 55. Ka3 Ra5 56. Rc7+ Kf8 57. Rc8+ Kg7 58. Qxa5 bxa5 59. Rc6 Qd3+ 60. Kb2 Qxe4 0-1

[Event "79.Prov.ITA Ottavi VE"]
[Site "Mestre Capablanca ITA"]
[Date "2019.01.26"]
[Round "3.2"]
[White "Buranelli, Matteo"]
[Black "Belloni, Umberto"]
[Result "1-0"]
[WhiteElo "1746"]
[BlackElo "1674"]
[Annotator "Gabriele Ballarin"]
[PlyCount "83"]
[EventDate "2019.01.25"]
[EventType "swiss"]
[EventRounds "5"]
[EventCountry "ITA"]

{[%evp 0,59,16,28,55,22,49,51,38,20,6,3,-12,-4,9,9,27,19,43,24,74,33,47,19,52,17,26,-20,-3,-35,2,-14,-12,12,42,27,16,-6,13,-31,-2,-17,-2,4,22,16,59,14,92,83,101,81,234,239,321,262,267,263,264,141,259,271]} 1. e4 e6 2. d4 d5 3. e5 c5 4. c3 Nc6 5. Nf3 Bd7 6. a3 c4 7. Be2 b5 8. Bf4 a5 9. O-O Be7 10. Qd2 h6 11. h3 b4 12. Nh2 b3 13. Be3 Bf8 14. f4 g6 15. Qe1 Nge7 16. Bf2 Nf5 17. Nd2 Be7 18. Ndf3 h5 19. Qd2 Qc7 20. Ng5 Bxg5 21. fxg5 Ng7 22. Qf4 Qd8 23. Be3 O-O 24. g4 Ne7 25. Qg3 Nef5 26. gxf5 exf5 27. Bf4 Ne6 28. Nf3 a4 29. Ne1 Kg7 30. Ng2 Bc6 31. Ne3 Ra5 32. Qg2 Ba8 33. h4 Ra7 34. Bh2 Rh8 35. Bd1 Rd7 36. Be2 Qc7 37. Nxf5+ gxf5 38. Rxf5 Qa7 39. Qf2 Nf8 40. Rf1 Ng6 41. Rf6 Rh7 42. Rxg6+ 1-0

[Event "79.Prov.ITA Ottavi VE"]
[Site "Mestre Capablanca ITA"]
[Date "2019.01.26"]
[Round "3.3"]
[White "Bozzao, Francesco"]
[Black "Grandesso, Emanuele"]
[Result "0-1"]
[WhiteElo "1847"]
[BlackElo "2074"]
[Annotator "Gabriele Ballarin"]
[PlyCount "68"]
[EventDate "2019.01.25"]
[EventType "swiss"]
[EventRounds "5"]
[EventCountry "ITA"]

1. e4 d5 2. exd5 Qxd5 3. Nc3 Qd8 4. g3 Nf6 5. Bg2 e6 6. Nge2 Be7 7. O-O O-O 8. d4 Nbd7 9. Bf4 c6 10. Ne4 Nd5 11. Bd6 N7b6 12. Bxe7 Qxe7 13. Qc1 Nf6 14. Qg5 Nbd5 15. c4 h6 16. Nxf6+ Nxf6 17. Qc1 e5 18. dxe5 Qxe5 19. Re1 Qc5 20. Qf4 a5 21. Qd4 Qf5 22. Nc3 Be6 23. Ne4 Rfd8 24. Nxf6+ Qxf6 25. Qxf6 gxf6 26. b3 Rd2 27. Red1 Rad8 28. Bf3 Bh3 29. Rxd2 Rxd2 30. Bg2 Be6 31. Kf1 a4 32. Ke1 Rb2 33. bxa4 Bxc4 34. a3 Re2+ 0-1

[Event "79.Prov.ITA Ottavi VE"]
[Site "Mestre Capablanca ITA"]
[Date "2019.01.26"]
[Round "3.4"]
[White "Vianello, Viviana Sofia"]
[Black "Ballarin, Gabriele"]
[Result "1-0"]
[WhiteElo "1391"]
[BlackElo "1870"]
[Annotator "Gabriele Ballarin"]
[PlyCount "111"]
[EventDate "2019.01.25"]
[EventType "swiss"]
[EventRounds "5"]
[EventCountry "ITA"]

{[%evp 13,111,15,19,-18,-18,-47,-31,-65,-64,-87,-86,-86,-91,-113,52,52,127,137,137,137,226,0,-10,-177,-167,-167,-190,-270,-40,-40,9,9,15,-18,-19,-41,35,21,54,56,119,119,232,232,232,232,382,356,357,249,249,215,315,183,219,206,320,290,422,379,361,0,462,476,496,426,426,426,389,311,499,501,649,363,556,515,673,620,697,641,732,620,620,603,603,602,1649,1649,2327,1096,1723,1723,1982,1982,29986,7977,29990,29992,29993,29991]} 1. e4 c5 2. Nf3 e6 3. d4 cxd4 4. Nxd4 Nf6 5. Nc3 Nc6 6. Be2 Bb4 7. Nxc6 bxc6 8. f3 d5 9. Bd2 Rb8 10. a3 {Il Nero sta leggermente meglio.} Bd6 11. b4 Qc7 12. g3 h5 13. exd5 cxd5 $2 {[%eval 52,14]} ({È meglio} 13... exd5 $17 {[%eval -113,17]} 14. f4 h4) 14. Nb5 $14 Bxg3+ {[%eval 127,18]} (14... Rxb5 $14 {[%eval 52,19]} 15. Bxb5+ Bd7) 15. hxg3 $16 Qxg3+ 16. Kf1 a6 {[%eval 226,18]} (16... e5 $16 {[%eval 137,16]}) 17. Nc3 $2 {[%eval -10,13]} (17. Be1 $18 {[%eval 226,18]} Qe5 18. Qd4) 17... e5 $11 {...Ah3+ è la minaccia più forte.} 18. Be1 $2 {[%eval -177,16]} (18. Qe1 $11 {[%eval -10,13] e Il Bianco è a posto.} Bh3+ 19. Rxh3 $1 {[%mdl 512]} Qxh3+ 20. Kg1) 18... Bh3+ $19 19. Rxh3 Qxh3+ 20. Kg1 {[%eval -270,16]} (20. Kf2 $142 {[%eval -190,14]}) 20... d4 $2 {[%eval -40,13]} (20... Rh6 $19 {[%eval -270,16] ( -> ...Tg6+)} 21. Bf1 Rg6+ 22. Kf2 Ng4+ $1 {[%mdl 512]} 23. fxg4 Rf6+ 24. Ke2 Qxf1+ 25. Ke3 Qf4+ 26. Ke2 Qxg4+ 27. Ke3 Qf4+ 28. Ke2 Qg4+ 29. Kd2 Qg5+ 30. Kd3 Qf5+ 31. Ke2 Qg4+) 21. Bf1 $1 $15 {[%cal Rf1h3]} Qe6 {[%eval 9,19]} (21... Qf5 $15 {[%eval -40,19]} 22. Na4 h4) 22. Na4 $1 $11 Nd5 23. Nc5 Qg6+ 24. Kh1 Rb6 {[%eval 35,20]} (24... Ne3 $15 {[%eval -41,15]} 25. Qd3 O-O) 25. Bd3 $36 {[%mdl 3072] Il Bianco consente una compensazione. Il Bianco gode dell'iniziativa.} f5 26. Qe2 Qf6 {[%eval 119,15]} ({Il Nero dovrebbe giocare} 26... Ne3 $14 {[%eval 56,13]}) 27. Bxa6 $16 {Il Nero non deve prevenire Ab5+.} g5 {[%eval 232,13] [#]} (27... Nf4 $16 {[%eval 119,16]} 28. Qf1 Qg5) 28. Bb5+ $1 $18 Ke7 29. Nd7 Qd6 {[%eval 382,16]} (29... Qe6 {[%eval 232,15] era necessaria.} 30. Nxb6 Nf4) 30. Nxb6 Nxb6 31. Bd3 Kf6 32. Qg2 Nd5 {[%eval 315,17] [#]} (32... Qe6 $142 {[%eval 215,16]} 33. a4 Nd5) 33. Bd2 {[%eval 183,17]} (33. Bh4 $142 $1 {[%eval 315,17][%mdl 512]} gxh4 34. Rg1) 33... f4 34. Qh3 Ne7 {[%eval 320,15]} (34... Ke7 $142 {[%eval 206,13]} 35. b5 Qd7 36. Qxd7+ Kxd7) 35. a4 {Minaccia di vincere con a5.} Qc6 {[%eval 422,15]} (35... Kf7 $142 {[%eval 290,13]} 36. Kg1 Qd5) 36. Be4 Qc4 37. Bd3 $2 {[%eval 0,12]} (37. b5 $18 {[%eval 361,13]}) 37... Qg8 $2 {[%eval 462,12][%mdl 8192]} (37... Qc6 $1 $11 {[%eval 0,12] e Il Nero non ha niente da temere.} 38. b5 Qa8) 38. Qd7 g4 39. Qd6+ Qe6 40. Qxe6+ Kxe6 41. Kg2 gxf3+ $2 {[%eval 499,14]} (41... Nf5 {[%eval 311,15] è una miglior difesa.} 42. Rh1 Nd6) 42. Kxf3 Rg8 {=} 43. Rh1 Rg5 {[%eval 556,17]} (43... Rg3+ $142 {[%eval 363,14]} 44. Kf2 h4 45. Rxh4 Nf5) 44. b5 Kd5 45. a5 Nc8 46. Be4+ Kc5 47. b6 {Ed ora b7 dovrebbe vincere.} Nd6 {Il Bianco dovrebbe prevenire ...Tg3+.} 48. b7 Rg3+ 49. Ke2 Nxe4 50. b8=Q {[%mdl 4096] Finale} f3+ 51. Ke1 f2+ 52. Ke2 f1=Q+ 53. Rxf1 Rg2+ 54. Kf3 {[%eval 7977,15]} (54. Kd3 $142 {[%eval 32740,17]} Rxd2+ 55. Kxe4 Re2+ 56. Kf5 d3 57. Qb6+ Kd5 58. Qb5+ Kd6 59. Qxd3+ Ke7 60. Qxe2) 54... Rg4 55. Qxe5+ Kc4 56. Qxe4 {Precisione: Bianco = 43%, Nero = 16%.} 1-0

[Event "79.Prov.ITA Ottavi VE"]
[Site "Mestre Capablanca ITA"]
[Date "2019.01.26"]
[Round "3.5"]
[White "Conte, Edoardo"]
[Black "Marson, Luca"]
[Result "1/2-1/2"]
[WhiteElo "1247"]
[BlackElo "1833"]
[Annotator "Gabriele Ballarin"]
[PlyCount "95"]
[EventDate "2019.01.25"]
[EventType "swiss"]
[EventRounds "5"]
[EventCountry "ITA"]

1. e4 c5 2. Nf3 d6 3. d4 cxd4 4. Nxd4 Nf6 5. Nc3 g6 6. f3 Bg7 7. Be3 O-O 8. Qd2 Nc6 9. O-O-O Bd7 10. h4 h5 11. Be2 Nxd4 12. Bxd4 Qa5 13. Kb1 Rfe8 14. Rdg1 Rac8 15. Qd1 Be6 16. a3 a6 17. g4 hxg4 18. fxg4 b5 19. g5 Nh5 20. Bxh5 Bxd4 21. Qxd4 Rc4 22. Qd3 gxh5 23. g6 f6 24. Nd5 Bxd5 25. Qxd5+ e6 26. Qxd6 Qc7 27. Qxa6 Rxc2 28. Rc1 Rxc1+ 29. Rxc1 Qd7 30. Qc6 Qxc6 31. Rxc6 Kg7 32. Rb6 Kxg6 33. Rxb5 f5 34. exf5+ exf5 35. Rb6+ Kg7 36. Rc6 f4 37. Kc1 f3 38. Kd2 f2 39. Rc1 Re4 40. Rf1 Rxh4 41. Rxf2 Ra4 42. Rh2 Kg6 43. Ke3 Kg5 44. Rg2+ Kf5 45. Rh2 Kg4 46. Rg2+ Kh3 47. Kf3 h4 48. Rg1 1/2-1/2

[Event "79.Prov.ITA Ottavi VE"]
[Site "Mestre Capablanca ITA"]
[Date "2019.01.26"]
[Round "3.6"]
[White "Abisso, Filippo"]
[Black "Corti, Lorenzo"]
[Result "0-1"]
[WhiteElo "1440"]
[BlackElo "1250"]
[Annotator "Gabriele Ballarin"]
[PlyCount "126"]
[EventDate "2019.01.25"]
[EventType "swiss"]
[EventRounds "5"]
[EventCountry "ITA"]

1. e4 c5 2. Nf3 g6 3. c3 Bg7 4. d4 cxd4 5. cxd4 d6 6. Bc4 Nf6 7. Nc3 O-O 8. O-O a6 9. Qd3 b5 10. Bb3 Bb7 11. d5 Nbd7 12. Be3 Rc8 13. Ne2 Nc5 14. Bxc5 Rxc5 15. Rac1 Rxc1 16. Rxc1 Nd7 17. Ned4 Nc5 18. Qe3 Qd7 19. Bc2 a5 20. h4 Rc8 21. b3 e6 22. dxe6 fxe6 23. a3 Nxe4 24. b4 Rc3 25. Qe2 Bh6 26. Re1 e5 27. Nxb5 Rxc2 28. Qxc2 Qxb5 29. bxa5 Qxa5 30. Rxe4 Bxe4 31. Qxe4 Qxa3 32. Qd5+ Kf8 33. Qe6 Qc1+ 34. Kh2 Qc7 35. Qf6+ Kg8 36. Qe6+ Kg7 37. g4 Qf7 38. Qxf7+ Kxf7 39. g5 Bg7 40. Nd2 Ke6 41. Kg3 d5 42. Kg4 d4 43. Ne4 Kd5 44. Kf3 h6 45. Nd2 hxg5 46. hxg5 Bf8 47. Kg3 e4 48. f4 d3 49. Kf2 Bc5+ 50. Ke1 Be3 51. f5 gxf5 52. g6 Bh6 53. Nf1 f4 54. Nh2 e3 55. Ng4 Bg7 56. Nh2 Ke4 57. Nf1 Bc3+ 58. Nd2+ Bxd2+ 59. Kd1 Bc3 60. g7 Bxg7 61. Ke1 d2+ 62. Kd1 Kf3 63. Kc2 Kf2 0-1

[Event "79.Prov.ITA Ottavi VE"]
[Site "Mestre Capablanca ITA"]
[Date "2019.01.26"]
[Round "3.8"]
[White "Pomponio, Stefano"]
[Black "Moretto, Gian Franco"]
[Result "0-1"]
[WhiteElo "1357"]
[BlackElo "1309"]
[Annotator "Gabriele Ballarin"]
[PlyCount "120"]
[EventDate "2019.01.25"]
[EventType "swiss"]
[EventRounds "5"]
[EventCountry "ITA"]

1. g3 Nf6 2. Bg2 e5 3. e4 d5 4. exd5 Nxd5 5. Qe2 Nc6 6. c3 Be7 7. d3 O-O 8. Nf3 Bf6 9. O-O Nde7 10. Bg5 Bxg5 11. Nxg5 f6 12. Ne4 b6 13. Nbd2 Bb7 14. Rad1 Ng6 15. Nb3 Nce7 16. Nxf6+ Rxf6 17. Bxb7 Rb8 18. Ba6 b5 19. d4 Rxa6 20. dxe5 Qe8 21. a3 Re6 22. f4 Nc6 23. Nc5 Re7 24. Rd5 Nf8 25. Re1 Ne6 26. Na6 Rb6 27. Nc5 Nxc5 28. Rxc5 Nd8 29. Rd1 c6 30. a4 Nb7 31. Qe3 Nxc5 32. Qxc5 Rb8 33. a5 Rd7 34. Re1 Qe7 35. Qxc6 Rc7 36. Qd5+ Kf8 37. Kg2 Rd7 38. Qe4 Kg8 39. Re2 Qe6 40. Kf2 Rbd8 41. f5 Qh6 42. h4 Rd2 43. e6 Rxe2+ 44. Kxe2 Qd2+ 45. Kf3 Qd3+ 46. Qxd3 Rxd3+ 47. Ke4 Rxg3 48. Ke5 Rd3 49. f6 gxf6+ 50. Kxf6 Kf8 51. h5 Rf3+ 52. Ke5 Ke7 53. Kd5 a6 54. Kc6 Re3 55. Kd5 Rxe6 56. b3 Rh6 57. c4 Rxh5+ 58. Kd4 bxc4 59. b4 Kd6 60. Kxc4 Rb5 0-1

[Event "79.Prov.ITA Ottavi VE"]
[Site "Mestre Capablanca ITA"]
[Date "2019.01.27"]
[Round "4.1"]
[White "Buranelli, Matteo"]
[Black "Toniolo, Samuel"]
[Result "0-1"]
[WhiteElo "1746"]
[BlackElo "1912"]
[Annotator "Gabriele Ballarin"]
[PlyCount "70"]
[EventDate "2019.01.25"]
[EventType "swiss"]
[EventRounds "5"]
[EventCountry "ITA"]

1. e4 c5 2. Nf3 d6 3. d4 cxd4 4. Nxd4 Nf6 5. Nc3 a6 6. f4 e5 7. Nf3 Nbd7 8. Bd3 b5 9. O-O Bb7 10. fxe5 dxe5 11. Qe2 Bc5+ 12. Kh1 Qb6 13. Nh4 g6 14. Qf3 O-O 15. Bg5 Be7 16. g3 Qe6 17. Ng2 b4 18. Nd1 Nxe4 19. Bxe7 Nec5 20. Qe2 Qxe7 21. Bc4 Nb6 22. Nf2 Nxc4 23. Qxc4 a5 24. Ng4 Ba6 25. Nf6+ Qxf6 26. Rxf6 Bxc4 27. Re1 Nd7 28. Rd6 Be6 29. Nh4 Rfc8 30. Re2 Rc4 31. Red2 Rac8 32. Nf3 Rxc2 33. Rxd7 Bxd7 34. Rxd7 Rxb2 35. Nxe5 Rc1+ 0-1

[Event "79.Prov.ITA Ottavi VE"]
[Site "Mestre Capablanca ITA"]
[Date "2019.01.27"]
[Round "4.2"]
[White "Grandesso, Emanuele"]
[Black "Vianello, Viviana Sofia"]
[Result "1-0"]
[WhiteElo "2074"]
[BlackElo "1391"]
[Annotator "Gabriele Ballarin"]
[PlyCount "105"]
[EventDate "2019.01.25"]
[EventType "swiss"]
[EventRounds "5"]
[EventCountry "ITA"]

1. d4 d5 2. g3 Bf5 3. Bg2 Nf6 4. Nf3 e6 5. O-O Nbd7 6. b3 c6 7. Bb2 Be7 8. e3 Ne4 9. c4 O-O 10. Nbd2 Ndf6 11. Nxe4 Bxe4 12. Qe2 Bd6 13. Nd2 Bxg2 14. Kxg2 Bb4 15. a3 Bxd2 16. Qxd2 Ne4 17. Qd3 Rc8 18. f3 Nf6 19. c5 Rb8 20. Rfb1 Qe7 21. b4 a6 22. a4 Ra8 23. b5 axb5 24. axb5 Rfb8 25. Rxa8 Rxa8 26. bxc6 bxc6 27. Qb3 Qc7 28. Bc3 Nd7 29. Qb7 Qb8 30. Rb2 Qxb7 31. Rxb7 Nb8 32. Ba5 Kf8 33. Bc7 Nd7 34. Bd6+ Ke8 35. Rc7 Kd8 36. Rxc6 Ra7 37. g4 h6 38. h4 g6 39. Bf4 h5 40. gxh5 gxh5 41. Kg3 Ke7 42. Rc7 Rxc7 43. Bxc7 Nf6 44. Bf4 Ne8 45. Kf2 Kd7 46. Ke2 Kc6 47. Kd3 f6 48. Bh2 Ng7 49. e4 f5 50. Be5 Ne8 51. exf5 exf5 52. Ke3 Kd7 53. Kf4 1-0

[Event "79.Prov.ITA Ottavi VE"]
[Site "Mestre Capablanca ITA"]
[Date "2019.01.27"]
[Round "4.3"]
[White "Corti, Lorenzo"]
[Black "Marson, Eva Jane"]
[Result "1-0"]
[WhiteElo "1250"]
[BlackElo "1166"]
[Annotator "Gabriele Ballarin"]
[PlyCount "53"]
[EventDate "2019.01.25"]
[EventType "swiss"]
[EventRounds "5"]
[EventCountry "ITA"]

1. e4 e5 2. Nf3 Nc6 3. Bc4 Nf6 4. d4 exd4 5. O-O Bc5 6. e5 d5 7. exf6 dxc4 8. fxg7 Rg8 9. Re1+ Ne7 10. Bh6 Bg4 11. Nbd2 Qd5 12. Ne4 Qf5 13. Nxc5 Qxc5 14. Qxd4 Qxd4 15. Nxd4 Rd8 16. Bg5 Rxd4 17. Rxe7+ Kd8 18. Rxf7+ Ke8 19. Re7+ Kd8 20. Re4+ Kc8 21. Rxd4 Bd7 22. Bh6 b5 23. Rad1 Be6 24. Re1 Bd7 25. Re7 Bf5 26. Rf4 Rd8 27. h3 1-0

[Event "79.Prov.ITA Ottavi VE"]
[Site "Mestre Capablanca ITA"]
[Date "2019.01.27"]
[Round "4.4"]
[White "Conte, Edoardo"]
[Black "Bozzao, Francesco"]
[Result "0-1"]
[WhiteElo "1247"]
[BlackElo "1847"]
[Annotator "Gabriele Ballarin"]
[PlyCount "141"]
[EventDate "2019.01.25"]
[EventType "swiss"]
[EventRounds "5"]
[EventCountry "ITA"]

1. e4 c5 2. Nf3 d6 3. d4 cxd4 4. Nxd4 Nf6 5. Nc3 a6 6. f3 e6 7. Be3 Be7 8. Qd2 O-O 9. O-O-O Nc6 10. g4 e5 11. Nf5 Bxf5 12. gxf5 Qa5 13. Rg1 Kh8 14. Bc4 Qb4 15. Qg2 Ne8 16. Bb3 Na5 17. Nd5 Nxb3+ 18. axb3 Qa5 19. Kb1 Bd8 20. f6 g6 21. Bh6 Rg8 22. Ne7 Bxe7 23. fxe7 Qc7 24. Bf8 Rc8 25. h4 Ng7 26. h5 Ne6 27. hxg6 fxg6 28. Qh2 Nxf8 29. exf8=Q Rcxf8 30. Rh1 Rg7 31. Rd3 Kg8 32. Rhd1 Rf6 33. Qd2 Rd7 34. Qg5 Kg7 35. Qxe5 dxe5 36. Rxd7+ Qxd7 37. Rxd7+ Rf7 38. Rd3 h5 39. Kc1 h4 40. Kd2 Kh6 41. Ke3 Kh5 42. Rd2 g5 43. Rh2 g4 44. fxg4+ Kxg4 45. Rg2+ Kh5 46. Rh2 Rf4 47. Rh1 Rg4 48. Rh2 Rg3+ 49. Kf2 Kg4 50. Rh1 h3 51. Rh2 Kf4 52. Rh1 Rf3+ 53. Ke2 Kxe4 54. Rg1 Kf4 55. Rg7 Rg3 56. Rxb7 Rg2+ 57. Kf1 Rxc2 58. Rf7+ Ke3 59. Kg1 Rxb2 60. Ra7 Rxb3 61. Rxa6 e4 62. Rh6 Kd2 63. Rh4 Re3 64. Kh2 Kd3 65. Rh8 Rf3 66. Rd8+ Ke2 67. Ra8 e3 68. Ra2+ Kf1 69. Ra1+ Kf2 70. Rf1+ Kxf1 71. Kh1 0-1

[Event "79.Prov.ITA Ottavi VE"]
[Site "Mestre Capablanca ITA"]
[Date "2019.01.27"]
[Round "4.5"]
[White "Marson, Luca"]
[Black "Belloni, Umberto"]
[Result "1/2-1/2"]
[WhiteElo "1833"]
[BlackElo "1674"]
[Annotator "Gabriele Ballarin"]
[PlyCount "101"]
[EventDate "2019.01.25"]
[EventType "swiss"]
[EventRounds "5"]
[EventCountry "ITA"]

1. e4 e6 2. d4 d5 3. Nc3 dxe4 4. Nxe4 Nf6 5. Bd3 Qd5 6. Nxf6+ gxf6 7. Nf3 Nd7 8. Qe2 Qh5 9. Bd2 Bh6 10. O-O-O Bxd2+ 11. Qxd2 Nb6 12. c4 Bd7 13. Qf4 O-O-O 14. Qxf6 Qa5 15. Kb1 Qa6 16. Ne5 Qa5 17. Rhe1 Ba4 18. Rc1 Rhf8 19. Re4 Qd2 20. Rh4 Be8 21. d5 Na4 22. Bc2 Qb4 23. Bxa4 Bxa4 24. Rxh7 exd5 25. Rxf7 dxc4 26. Rxf8 Rxf8 27. Qe6+ Kb8 28. Qxc4 Qa5 29. Nf3 Bc6 30. Qc3 Qb6 31. Ne5 Rxf2 32. Nxc6+ bxc6 33. Qg7 Qb5 34. h4 Qd3+ 35. Ka1 Rc2 36. Qf8+ Kb7 37. Qb4+ Kc8 38. Re1 Re2 39. Rf1 Rf2 40. Rc1 Rc2 41. Qg4+ Kb7 42. Re1 Rxb2 43. Kxb2 Qd2+ 44. Ka3 Qc3+ 45. Ka4 Qc2+ 46. Ka5 Qc5+ 47. Ka4 Qc2+ 48. Ka3 Qc3+ 49. Ka4 Qc2+ 50. Ka3 Qc3+ 51. Ka4 1/2-1/2